LEADER 01979oam 2200541 450 001 9910715187803321 005 20210817141915.0 035 $a(CKB)5470000002508132 035 $a(OCoLC)1226079239$z(OCoLC)1231540771 035 $a(EXLCZ)995470000002508132 100 $a20201208d2020 ua 0 101 0 $aeng 135 $aur||||||||||| 181 $ctxt$2rdacontent 182 $cc$2rdamedia 183 $acr$2rdacarrier 200 14$aThe Colorado River drought contingency plan $ehearing before the Subcommittee on Water and Power of the Committee on Energy and Natural Resources, United States Senate, One Hundred Sixteenth Congress, first session, March 27, 2019 210 1$aWashington :$cU.S. Government Publishing Office,$d2020. 215 $a1 online resource (iv, 143 pages) $ccolor illustrations, color maps 225 1 $aS. hrg. ;$v116-291 320 $aIncludes bibliographical references. 517 $aColorado River drought contingency plan 606 $aDrought management$zColorado River Watershed (Colo.-Mexico) 606 $aStreamflow$zColorado River (Colo.-Mexico) 606 $aDrought relief$zColorado River Watershed (Colo.-Mexico)$xPlanning 606 $aDrought management$2fast 606 $aDrought relief$xPlanning$2fast 606 $aStreamflow$2fast 607 $aNorth America$zColorado River$2fast 607 $aNorth America$zColorado River Watershed$2fast 608 $aLegislative hearings.$2fast 608 $aLegislative hearings.$2lcgft 615 0$aDrought management 615 0$aStreamflow 615 0$aDrought relief$xPlanning. 615 7$aDrought management. 615 7$aDrought relief$xPlanning. 615 7$aStreamflow. 801 0$bGPO 801 1$bGPO 801 2$bOCLCO 801 2$bOCLCF 801 2$bOCLCQ 801 2$bGPO 906 $aBOOK 912 $a9910715187803321 996 $aThe Colorado River drought contingency plan$93544008 997 $aUNINA LEADER 01751nas 2200541-a 450 001 9910224641303321 005 20241221110905.0 035 $a(CKB)110990112649222 035 $a(CONSER)---00223028- 035 $a(MiFhGG)0JQT 035 $a(EXLCZ)99110990112649222 100 $a20000823b20002021 --- - 101 0 $aeng 181 $ctxt$2rdacontent 182 $cc$2rdamedia 183 $acr$2rdacarrier 200 10$aFinancial management $ethe magazine from CIMA 210 $aLondon $cCIMA$d©2000-©2021 215 $a1 online resource 300 $aPublished: Caspian Pub., 300 $aTitle from cover. 311 08$aPrint version: Financial management (London, England) (DLC) 00223028 (OCoLC)44860250 1471-9185 517 1 $aFM 531 $aFINANC MANAGE 531 $aFINANCIAL MANAGEMENT (UK) 531 $aFinancial Management (London) 531 $aFinancial Management 606 $aManagerial accounting$vPeriodicals 606 $aCost accounting$vPeriodicals 606 $aCost accounting$2fast$3(OCoLC)fst00880661 606 $aManagerial accounting$2fast$3(OCoLC)fst01007320 606 $aBetriebliche Finanzwirtschaft$2stw 606 $aGroßbritannien$2stw 608 $aPeriodicals.$2fast 608 $aPeriodicals.$2lcgft 615 0$aManagerial accounting 615 0$aCost accounting 615 7$aCost accounting. 615 7$aManagerial accounting. 615 7$aBetriebliche Finanzwirtschaft. 615 7$aGroßbritannien. 676 $a657.405 712 02$aChartered Institute of Management Accountants. 906 $aJOURNAL 912 $a9910224641303321 920 $aexl_impl conversion 996 $aFinancial Management$9424135 997 $aUNINA